书目信息 |
| 题名: |
35岁之前成功的十六条黄金法则
|
|
| 作者: | 陈秦先 编著 | |
| 分册: | ||
| 出版信息: | 北京 中国物资出版社 2007.06 |
|
| 页数: | 313页 | |
| 开本: | 23cm | |
| 丛书名: | ||
| 单 册: | ||
| 中图分类: | B848.4-49 | |
| 科图分类: | ||
| 主题词: | 成功心理学--cheng gong xin li xue--通俗读物 | |
| 电子资源: | ||
| ISBN: | 978-7-5047-2646-9 | |
| 000 | 00797nam0 2200217 450 | |
| 001 | 012007603408 | |
| 005 | 20070924154511.48 | |
| 010 | @a978-7-5047-2646-9@dCNY32.00 | |
| 100 | @a20070811d2007 km y0chiy0120 ea | |
| 101 | 0 | @achi |
| 102 | @aCN@b110000 | |
| 105 | @ay z 000yy | |
| 200 | 1 | @a35岁之前成功的十六条黄金法则@A35 sui zhi qian cheng gong de shi liu tiao huang jin fa ze@f陈秦先编著@Fchen qin xian bian zhu |
| 210 | @a北京@c中国物资出版社@d2007.06 | |
| 215 | @a313页@d23cm | |
| 330 | @a本书搜集了大量中外成功人士的例子,并对他们的成功经验加以分析研究,总结出了确保你在35岁之前取得成功的十六条黄金法则。 | |
| 606 | 0 | @a成功心理学@Acheng gong xin li xue@j通俗读物 |
| 690 | @aB848.4-49@v4 | |
| 701 | 0 | @a陈秦先@Achen qin xian@4编著 |
| 801 | 0 | @aCN@c20070924 |
| 905 | @dB848.4-49@eC537 | |
| 35岁之前成功的十六条黄金法则/陈秦先编著.-北京:中国物资出版社,2007.06 |
| 313页;23cm |
| ISBN 978-7-5047-2646-9:CNY32.00 |
| 本书搜集了大量中外成功人士的例子,并对他们的成功经验加以分析研究,总结出了确保你在35岁之前取得成功的十六条黄金法则。 |
| ● |
| 相关链接 |
|
|
|
正题名:35岁之前成功的十六条黄金法则
索取号:B848.4-49/C537
 
预约/预借
| 序号 | 登录号 | 条形码 | 馆藏地/架位号 | 状态 | 备注 |
| 1 | 257909 | 202579094 | 社科库509/509社科库 51排7列6层/ [索取号:B848.4-49/C537] | 在馆 | |
| 2 | 257910 | 202579101 | 社科库509/422社科库 43排2列1层/ [索取号:B848.4-49/C537] | 在馆 | |
| 3 | 257911 | 202579110 | 社科库509/509社科库 51排7列6层/ [索取号:B848.4-49/C537] | 在馆 |